000 00263nam a22001097a 4500
008 170120b xxu||||| |||| 00| 0 eng d
020 _a9781933107523
041 _aeng
080 _27TH
_a618.2
245 _aADULT MEDICAL-SURGICAL NUSING
_cPLATT. D
942 _2udc
_cBK
999 _c3295
_d3295